000 00711nam a2200241 i 4500
001 C2-0241129
003 PPAK
005 20180727203635.0
008 020730s2002 nyu |||| ||||| | eng d
020 _a0658013793
040 _aPPAK
_beng
_cPPAK
_erda
082 0 4 _a616.853
_223
090 0 0 _a616.853
_bMUR
_dG
100 1 _aMurphy, Patricia A,
_eauthor
245 1 0 _aTreating epilepsy naturally
_bA guide to alternative and adjunct therapies
264 1 _aNew York :
_bKeats Publishing ,
_c2002
300 _axiii, 322 pages ;
_c23 cm
336 _2rdacontent
_atext
337 _2rdamedia
_aunmediated
338 _2rdacarrier
_avolume
650 1 0 _aEpilepsy - Alternative treatment.
942 _ddc
_cB
999 _c56261
_d56261